[Event "Hamburger SK-Schachunion Berlin"]
[Site "Greifswald"]
[Date "2013.09.15"]
[Round "7.1"]
[White "Geldner, Gerrit"]
[Black "Kramer, Julian"]
[Result "0-1"]
[WhiteElo "1788"]
[BlackElo "2137"]
[PlyCount "60"]
[EventDate "2013.??.??"]
[WhiteTeam "Schachunion Berlin"]
[BlackTeam "Hamburger SK"]

1. c4 c6 2. d4 d5 3. cxd5 cxd5 4. Nc3 Nf6 5. Nf3 Nc6 6. Bf4 Nh5 7. Bg3 e6 8. e3
Be7 9. Be2 O-O 10. O-O Nxg3 11. hxg3 Bd7 12. Rc1 Rc8 13. Nd2 Na5 14. Nb3 Nc4
15. Bxc4 dxc4 16. Nd2 b5 17. a3 Bc6 18. Nf3 a5 19. Ne5 Be8 20. Ne2 f6 21. Nf3
Qb6 22. Nf4 Bf7 23. e4 Rfd8 24. Qe2 g5 25. Nxe6 Qxe6 26. d5 Rxd5 27. Qe1 Rd3
28. Qxa5 Qc6 29. Rfd1 Rcd8 30. Rxd3 Rxd3 0-1

[Event "Hamburger SK-Schachunion Berlin"]
[Site "Greifswald"]
[Date "2013.09.15"]
[Round "7.2"]
[White "Hinrichs, Lars"]
[Black "Torzinski, Nils"]
[Result "1/2-1/2"]
[WhiteElo "2068"]
[BlackElo "1803"]
[PlyCount "50"]
[EventDate "2013.??.??"]
[WhiteTeam "Hamburger SK"]
[BlackTeam "Schachunion Berlin"]

1. e4 e5 2. Nf3 Nc6 3. d4 exd4 4. Bc4 Nf6 5. O-O Nxe4 6. Re1 d5 7. Bxd5 Qxd5 8.
Nc3 Qh5 9. Nxe4 Be6 10. Bg5 Be7 11. Bxe7 Nxe7 12. Nxd4 Qxd1 13. Raxd1 O-O-O 14.
Ng5 Nf5 15. Ngxe6 fxe6 16. Nxe6 Rxd1 17. Rxd1 Re8 18. Nf4 Nd4 19. h4 Re4 20.
Nd5 c6 21. Ne3 Rxh4 22. g3 Re4 23. Kg2 Kc7 24. Rh1 h6 25. Rh5 Kd7 1/2-1/2

[Event "Hamburger SK-Schachunion Berlin"]
[Site "Greifswald"]
[Date "2013.09.15"]
[Round "7.3"]
[White "Lischeid, Kilian"]
[Black "Rogozenco, Teodora"]
[Result "0-1"]
[WhiteElo "1642"]
[BlackElo "1921"]
[PlyCount "62"]
[EventDate "2013.??.??"]
[WhiteTeam "Schachunion Berlin"]
[BlackTeam "Hamburger SK"]

1. c4 d6 2. d4 e5 3. dxe5 dxe5 4. Qxd8+ Kxd8 5. Nc3 Be6 6. e3 Nd7 7. Bd2 c6 8.
Nf3 f6 9. O-O-O Kc7 10. Be2 Nb6 11. b3 a5 12. Kb2 a4 13. Ra1 Nh6 14. h3 Be7 15.
e4 Nf7 16. Be3 axb3 17. axb3 Nd7 18. Na4 b6 19. Rhd1 Rhb8 20. Nd2 Ra5 21. Rdc1
Rba8 22. Bd1 Bb4 23. f4 exf4 24. Bxf4+ Nfe5 25. Nf3 Bd6 26. Kc2 Nxc4 27. Bxd6+
Nxd6 28. Nd4 Bf7 29. Bf3 Ne5 30. Rab1 Bxb3+ 31. Nxb3 Rxa4 0-1

[Event "Hamburger SK-Schachunion Berlin"]
[Site "Greifswald"]
[Date "2013.09.15"]
[Round "7.4"]
[White "Elbracht, Michael"]
[Black "Nguyen, Phoung Thuy Anh"]
[Result "1/2-1/2"]
[WhiteElo "1772"]
[BlackElo "1436"]
[PlyCount "54"]
[EventDate "2013.??.??"]
[WhiteTeam "Hamburger SK"]
[BlackTeam "Schachunion Berlin"]

1. e4 e5 2. Nf3 Nc6 3. d4 exd4 4. Nxd4 Nf6 5. Nxc6 bxc6 6. Bd3 d5 7. exd5 cxd5
8. O-O Be7 9. Nc3 O-O 10. Bg5 c6 11. Ne2 h6 12. Bh4 Rb8 13. b3 Nd7 14. Bxe7
Qxe7 15. Nd4 Qf6 16. Nf3 Nc5 17. Be2 Bg4 18. Qd4 Qxd4 19. Nxd4 Bxe2 20. Nxe2
Ne6 21. Rad1 Rbd8 22. Rfe1 c5 23. Kf1 d4 24. Rd3 Rd7 25. c3 Rfd8 26. Red1 Kf8
27. cxd4 cxd4 1/2-1/2

[Event "SK Doppelbauer Kiel-SK Wildeshausen"]
[Site "Greifswald"]
[Date "2013.09.15"]
[Round "7.1"]
[White "Grigorian, Spartak"]
[Black "Beeck, Mats"]
[Result "1/2-1/2"]
[WhiteElo "2155"]
[BlackElo "1839"]
[PlyCount "35"]
[EventDate "2013.??.??"]
[WhiteTeam "SK Wildeshausen"]
[BlackTeam "SK Doppelbauer Kiel"]

1. e4 e5 2. Nf3 Nc6 3. Bb5 Nf6 4. Nc3 Bb4 5. O-O d6 6. d3 O-O 7. Bg5 Bg4 8.
Bxf6 gxf6 9. Bxc6 bxc6 10. h3 Be6 11. Nh4 Rb8 12. Ne2 d5 13. c3 Be7 14. Qc2 Kh8
15. g4 Rg8 16. Ng3 Bf8 17. Nhf5 Rg6 18. Kg2 1/2-1/2

[Event "SK Doppelbauer Kiel-SK Wildeshausen"]
[Site "Greifswald"]
[Date "2013.09.15"]
[Round "7.2"]
[White "Pluska, Alexander"]
[Black "Finke, Maurice"]
[Result "1/2-1/2"]
[WhiteElo "1867"]
[BlackElo "1912"]
[PlyCount "50"]
[EventDate "2013.??.??"]
[WhiteTeam "SK Doppelbauer Kiel"]
[BlackTeam "SK Wildeshausen"]

1. d4 d5 2. c4 e6 3. Nf3 c6 4. Nc3 dxc4 5. e3 b5 6. a4 Bb4 7. Bd2 Bxc3 8. Bxc3
Qd5 9. Be2 Nf6 10. Nd2 Bb7 11. b3 cxb3 12. Bf3 Qd7 13. Nxb3 Nd5 14. Qd2 O-O 15.
Nc5 Qc8 16. e4 Nxc3 17. Qxc3 Nd7 18. O-O Nxc5 19. Qxc5 Qd7 20. e5 Rfd8 21. a5
a6 22. Rad1 Qc7 23. Qc3 c5 24. Bxb7 Qxb7 25. dxc5 b4 1/2-1/2

[Event "SK Doppelbauer Kiel-SK Wildeshausen"]
[Site "Greifswald"]
[Date "2013.09.15"]
[Round "7.3"]
[White "Ngo, Minh Duc"]
[Black "Wanner, Lukas"]
[Result "1-0"]
[WhiteElo "1924"]
[BlackElo "1817"]
[PlyCount "87"]
[EventDate "2013.??.??"]
[WhiteTeam "SK Wildeshausen"]
[BlackTeam "SK Doppelbauer Kiel"]

1. e4 c5 2. Nf3 d6 3. Nc3 Nf6 4. e5 dxe5 5. Nxe5 e6 6. Bb5+ Bd7 7. Nxd7 Nbxd7
8. O-O a6 9. Be2 Be7 10. d3 O-O 11. Re1 Qc7 12. Bf3 Rac8 13. a4 Nb6 14. b3 Nbd5
15. Bb2 Nxc3 16. Bxc3 Nd5 17. Bb2 Bf6 18. Bxf6 Nxf6 19. Re3 Rfd8 20. Qe2 Nd5
21. Bxd5 Rxd5 22. Rxe6 fxe6 23. Qxe6+ Kf8 24. Qxd5 Re8 25. g3 Re5 26. Qf3+ Kg8
27. Kf1 Qd7 28. Qf4 Qe7 29. Qd2 h6 30. Re1 Rxe1+ 31. Qxe1 Qd7 32. Qe4 Kh8 33.
c3 Qf7 34. b4 cxb4 35. cxb4 Qa2 36. a5 Qf7 37. Kg2 g5 38. d4 Qc4 39. Qxb7 Qxd4
40. Qc8+ Kg7 41. Qc7+ Kh8 42. Qb7 Kg8 43. b5 axb5 44. a6 1-0

[Event "SK Doppelbauer Kiel-SK Wildeshausen"]
[Site "Greifswald"]
[Date "2013.09.15"]
[Round "7.4"]
[White "Petersen, Finn Christopher"]
[Black "Schumann, Steffen"]
[Result "1/2-1/2"]
[WhiteElo "1573"]
[BlackElo "1793"]
[PlyCount "80"]
[EventDate "2013.??.??"]
[WhiteTeam "SK Doppelbauer Kiel"]
[BlackTeam "SK Wildeshausen"]

1. e4 c5 2. Nc3 Nc6 3. f4 g6 4. Bb5 Bg7 5. Nf3 d6 6. d3 e6 7. O-O Nge7 8. Qe1
a6 9. Bxc6+ Nxc6 10. f5 O-O 11. fxg6 fxg6 12. Qg3 Nd4 13. Nxd4 Rxf1+ 14. Kxf1
Bxd4 15. Qf3 Bd7 16. Ke2 Qh4 17. Be3 Rf8 18. Qg3 Qxg3 19. hxg3 Be5 20. Bf2 Bc6
21. Rb1 b6 22. a3 d5 23. Ke1 dxe4 24. Nxe4 Bxe4 25. dxe4 Rd8 26. Ke2 Rd6 27. c3
c4 28. Rd1 Rxd1 29. Kxd1 b5 30. Ke2 Kf7 31. Kf3 Bf6 32. Be3 e5 33. g4 Ke6 34.
g5 Be7 35. Ke2 a5 36. Bd2 Kd6 37. Kd1 Kc5 38. Be3+ Kc6 39. Bd2 Bc5 40. Ke2 Kd7
1/2-1/2

[Event "Königsspr. Hamburg-USV Potsdam"]
[Site "Greifswald"]
[Date "2013.09.15"]
[Round "7.1"]
[White "Eichstädt, Mirko"]
[Black "Spät, Alexander"]
[Result "0-1"]
[WhiteElo "1954"]
[BlackElo "2019"]
[PlyCount "50"]
[EventDate "2013.??.??"]
[WhiteTeam "USV Potsdam"]
[BlackTeam "Königsspr. Hamburg"]

1. d4 d5 2. c4 c6 3. Nf3 Nf6 4. Nc3 dxc4 5. a4 Bf5 6. e3 e6 7. Bxc4 Bb4 8. O-O
Nbd7 9. Qe2 Bg6 10. Bd2 O-O 11. Ne4 Bxd2 12. Nxf6+ Qxf6 13. Qxd2 c5 14. Rfd1
Rfd8 15. dxc5 Ne5 16. Qe2 Bh5 17. Rxd8+ Rxd8 18. Rd1 Rxd1+ 19. Qxd1 Nxc4 20.
Qd7 g6 21. Qxb7 Qxb2 22. Qxb2 Nxb2 23. Nd4 Nxa4 24. Nc6 a6 25. f3 g5 0-1

[Event "Königsspr. Hamburg-USV Potsdam"]
[Site "Greifswald"]
[Date "2013.09.15"]
[Round "7.2"]
[White "Pfreundt, Jakob"]
[Black "Cech, Tim"]
[Result "1/2-1/2"]
[WhiteElo "1903"]
[BlackElo "1803"]
[PlyCount "84"]
[EventDate "2013.??.??"]
[WhiteTeam "Königsspr. Hamburg"]
[BlackTeam "USV Potsdam"]

1. d4 Nf6 2. c4 e6 3. Nc3 Bb4 4. Qc2 d5 5. a3 Bxc3+ 6. Qxc3 dxc4 7. Qxc4 O-O 8.
Bg5 Nbd7 9. Nf3 c6 10. e3 Qb6 11. Qc2 c5 12. Bxf6 gxf6 13. dxc5 Qxc5 14. Rc1
Qxc2 15. Rxc2 Nb6 16. Bd3 Bd7 17. Ke2 Rac8 18. Rhc1 Rxc2+ 19. Rxc2 Rc8 20.
Rxc8+ Nxc8 21. Nd2 Nd6 22. Ne4 Nxe4 23. Bxe4 b6 24. g4 h6 25. f3 Kf8 26. Kd3
Ke7 27. Kc3 Kd6 28. Kd4 a5 29. b4 axb4 30. axb4 Bb5 31. Bb7 Kc7 32. Ba8 Kd6 33.
Bb7 Be2 34. Ba8 e5+ 35. Kc3 Bb5 36. Be4 Ke6 37. Bf5+ Kd6 38. Be4 Be2 39. Kd2
Ba6 40. Kc3 Bb5 41. Bh7 Be2 42. Be4 Bb5 1/2-1/2

[Event "Königsspr. Hamburg-USV Potsdam"]
[Site "Greifswald"]
[Date "2013.09.15"]
[Round "7.3"]
[White "Werthmann, Nils"]
[Black "Lemke, Berfin"]
[Result "0-1"]
[WhiteElo "1833"]
[BlackElo "1695"]
[PlyCount "52"]
[EventDate "2013.??.??"]
[WhiteTeam "USV Potsdam"]
[BlackTeam "Königsspr. Hamburg"]

1. e4 c5 2. b3 Nc6 3. Bb2 d6 4. Bc4 e6 5. f4 a6 6. a4 d5 7. exd5 exd5 8. Qe2+
Nge7 9. Bd3 d4 10. Nf3 g6 11. O-O Bg7 12. Na3 O-O 13. Nc4 Bf5 14. Bxf5 Nxf5 15.
Qf2 Nb4 16. Rac1 Na2 17. Rb1 Nb4 18. Na3 Re8 19. Rfe1 Qc7 20. g3 Rad8 21. Kf1
Qc8 22. Rxe8+ Rxe8 23. Re1 Rxe1+ 24. Kxe1 Qe6+ 25. Qe2 Qxe2+ 26. Kxe2 d3+ 0-1

[Event "Königsspr. Hamburg-USV Potsdam"]
[Site "Greifswald"]
[Date "2013.09.15"]
[Round "7.4"]
[White "Samm, Bastian"]
[Black "Ender, Paul Marius"]
[Result "0-1"]
[WhiteElo "1417"]
[BlackElo "1519"]
[PlyCount "74"]
[EventDate "2013.??.??"]
[WhiteTeam "Königsspr. Hamburg"]
[BlackTeam "USV Potsdam"]

1. e4 e5 2. Nc3 d6 3. g3 Nf6 4. Bg2 Be7 5. Nge2 Nc6 6. h3 Bd7 7. O-O O-O 8. d3
Rb8 9. Be3 a6 10. Nd5 Ne8 11. Nxe7+ Qxe7 12. f4 f5 13. exf5 exf4 14. Bxf4 Bxf5
15. Re1 Qd7 16. g4 Be6 17. Bd2 Nf6 18. Ng3 Rbe8 19. Ne4 h5 20. Nxf6+ gxf6 21.
Qf3 hxg4 22. hxg4 Bxg4 23. Qg3 Kf7 24. Bd5+ Kg7 25. Rxe8 Rxe8 26. Qh4 Rh8 27.
Qf2 Be6 28. Qg2+ Kf7 29. Bxe6+ Qxe6 30. Re1 Qxa2 31. Qf2 Rg8+ 32. Kf1 Qxb2 33.
Bc1 Qd4 34. Qh2 Qg4 35. Re4 Qf5+ 36. Ke2 Ne5 37. Rf4 Qg6 0-1

[Event "Stader SV-SV Merseburg"]
[Site "Greifswald"]
[Date "2013.09.15"]
[Round "7.1"]
[White "Knopf, Felix"]
[Black "Vöge, Tobias"]
[Result "1-0"]
[WhiteElo "1968"]
[BlackElo "2043"]
[PlyCount "91"]
[EventDate "2013.??.??"]
[WhiteTeam "SV Merseburg"]
[BlackTeam "Stader SV"]

1. d4 d5 2. c4 Nc6 3. Nc3 Nf6 4. Bf4 Bf5 5. e3 e6 6. a3 Be7 7. Nf3 h6 8. h3 Ne4
9. Rc1 O-O 10. Bd3 Rc8 11. O-O Nxc3 12. Rxc3 Bxd3 13. Qxd3 Na5 14. cxd5 exd5
15. Nd2 Bd6 16. Bxd6 Qxd6 17. Qb5 b6 18. b4 a6 19. Qa4 Nb7 20. Qxa6 Rb8 21.
Rfc1 Rfc8 22. Nf3 f6 23. Nh4 Qd7 24. Nf3 Nd6 25. Qd3 Ne4 26. R3c2 Ra8 27. Nd2
Nd6 28. Qb3 Qf7 29. Rxc7 Rxc7 30. Rxc7 Qxc7 31. Qxd5+ Kh7 32. Qxa8 Qc1+ 33. Nf1
Nc4 34. Qe4+ Kh8 35. Qd3 Nd6 36. Kh2 Qb2 37. Nd2 Qa2 38. Qc3 Nb5 39. Qc8+ Kh7
40. Qf5+ Kh8 41. Qxb5 Qxd2 42. Qf5 Qc3 43. d5 Qxa3 44. d6 Qxb4 45. Qc8+ Kh7 46.
Qc7 1-0

[Event "Stader SV-SV Merseburg"]
[Site "Greifswald"]
[Date "2013.09.15"]
[Round "7.2"]
[White "Hammann, Jonas"]
[Black "Hoffmann, Dustin"]
[Result "1-0"]
[WhiteElo "1859"]
[BlackElo "1754"]
[PlyCount "79"]
[EventDate "2013.??.??"]
[WhiteTeam "Stader SV"]
[BlackTeam "SV Merseburg"]

1. d4 Nf6 2. c4 g6 3. Nc3 Bg7 4. e4 d6 5. Be2 Nbd7 6. Bg5 O-O 7. g4 e5 8. d5 h6
9. Be3 Nc5 10. f3 Ne8 11. h4 f5 12. h5 f4 13. Bf2 g5 14. b4 Nd7 15. Bd3 b6 16.
Nge2 Bb7 17. Na4 Rf6 18. O-O Bf8 19. Qb3 Kh8 20. Rab1 Rb8 21. Qc3 Rc8 22. c5 c6
23. dxc6 Bxc6 24. b5 Ba8 25. c6 Nc5 26. Nxc5 dxc5 27. Rfd1 Qc7 28. Bc4 Rd6 29.
Rd2 Rxd2 30. Qxd2 Rd8 31. Qc2 a6 32. a4 Qd6 33. Bd5 Nc7 34. Nc3 a5 35. Rd1 Qe7
36. Bc4 Rd6 37. Nd5 Qd8 38. Rd3 Ne8 39. Be1 Kg7 40. Bc3 1-0

[Event "Stader SV-SV Merseburg"]
[Site "Greifswald"]
[Date "2013.09.15"]
[Round "7.3"]
[White "Le Hong, Quang Anh"]
[Black "Dittmann, Tobias"]
[Result "1/2-1/2"]
[WhiteElo "1538"]
[BlackElo "1605"]
[PlyCount "55"]
[EventDate "2013.??.??"]
[WhiteTeam "SV Merseburg"]
[BlackTeam "Stader SV"]

1. d4 d5 2. c4 e6 3. Nc3 Nf6 4. cxd5 exd5 5. Bg5 Be7 6. Nf3 c6 7. Qc2 Nbd7 8.
e3 O-O 9. Bd3 Re8 10. O-O h6 11. Bf4 Bf8 12. h3 Qe7 13. Rab1 a5 14. Nh4 Ne4 15.
Nf3 Ndf6 16. a3 Bf5 17. Rfc1 Nxc3 18. Qxc3 Be4 19. Nd2 Qd7 20. b4 Bxd3 21. Qxd3
axb4 22. axb4 Rec8 23. b5 Ra3 24. Rb3 Rxb3 25. Nxb3 cxb5 26. Rxc8 Qxc8 27. Qxb5
Qc6 28. Qxc6 1/2-1/2

[Event "Stader SV-SV Merseburg"]
[Site "Greifswald"]
[Date "2013.09.15"]
[Round "7.4"]
[White "Günther, Alexander"]
[Black "Handke, Moritz"]
[Result "1-0"]
[WhiteElo "1488"]
[BlackElo "1485"]
[PlyCount "63"]
[EventDate "2013.??.??"]
[WhiteTeam "Stader SV"]
[BlackTeam "SV Merseburg"]

1. d4 d5 2. Nf3 e6 3. Bf4 c5 4. e3 c4 5. c3 Qb6 6. Qc2 Nc6 7. Be2 Nf6 8. Nbd2
Bd7 9. O-O Be7 10. b3 cxb3 11. axb3 Rc8 12. c4 Qd8 13. e4 Nb4 14. Qb1 dxe4 15.
Nxe4 Nxe4 16. Qxe4 Bc6 17. Qb1 a6 18. Be3 O-O 19. Rd1 f5 20. Ne5 Be4 21. Qb2 f4
22. Bd2 Nc2 23. Ra2 f3 24. Nxf3 Bxf3 25. Bxf3 Nxd4 26. Bxb7 Rb8 27. Ba5 Nf3+
28. Bxf3 Qe8 29. Bc3 Qg6 30. Be2 Bh4 31. g3 Rf7 32. Rf1 1-0

[Event "Treptower SV-SF Schwerin"]
[Site "Greifswald"]
[Date "2013.09.15"]
[Round "7.1"]
[White "Siegert, Gregor"]
[Black "Pixa, Richard"]
[Result "0-1"]
[WhiteElo "1859"]
[BlackElo "1993"]
[PlyCount "50"]
[EventDate "2013.??.??"]
[WhiteTeam "SF Schwerin"]
[BlackTeam "Treptower SV"]

1. e4 e6 2. d4 d5 3. e5 c5 4. c3 Nc6 5. Nf3 Qb6 6. a3 c4 7. Be2 f6 8. exf6 Nxf6
9. O-O Bd6 10. Re1 O-O 11. Nbd2 Bd7 12. Bf1 Qc7 13. Qe2 Ng4 14. h3 Nh6 15. Ne5
Nxe5 16. dxe5 Bc5 17. Nf3 Nf5 18. Kh2 Qb6 19. Be3 Nxe3 20. fxe3 Be8 21. Nd4 Qc7
22. Qg4 Qxe5+ 23. Kh1 Bd7 24. Rad1 Bd6 25. Nf3 Rxf3 0-1

[Event "Treptower SV-SF Schwerin"]
[Site "Greifswald"]
[Date "2013.09.15"]
[Round "7.2"]
[White "Klodt, Daniel"]
[Black "Frost, Jakob"]
[Result "1-0"]
[WhiteElo "1752"]
[BlackElo "1372"]
[PlyCount "61"]
[EventDate "2013.??.??"]
[WhiteTeam "Treptower SV"]
[BlackTeam "SF Schwerin"]

1. e4 e5 2. Nf3 Nf6 3. Nxe5 d6 4. Nf3 Nxe4 5. d4 Be7 6. Bd3 Nf6 7. O-O Bg4 8.
Bg5 Nbd7 9. Nbd2 c6 10. c3 O-O 11. Re1 Re8 12. Qc2 h6 13. Bf4 Nb6 14. h3 Be6
15. Bg3 Qd7 16. a4 Rad8 17. Nf1 Bd5 18. N1d2 c5 19. dxc5 dxc5 20. Ne5 Qc8 21.
Bf5 Qa8 22. c4 Be6 23. Bxe6 fxe6 24. b3 Bd6 25. Ndf3 Nbd7 26. Rad1 Nxe5 27.
Nxe5 Qc8 28. Qg6 Qc7 29. Ng4 Bxg3 30. Nxf6+ Kf8 31. Nxe8 1-0

[Event "Treptower SV-SF Schwerin"]
[Site "Greifswald"]
[Date "2013.09.15"]
[Round "7.3"]
[White "Wödl, Leon"]
[Black "Hesse, Henrik"]
[Result "0-1"]
[WhiteElo "1291"]
[BlackElo "1512"]
[PlyCount "106"]
[EventDate "2013.??.??"]
[WhiteTeam "SF Schwerin"]
[BlackTeam "Treptower SV"]

1. e4 e5 2. Nf3 Nf6 3. Nxe5 d6 4. Nf3 Nxe4 5. Nc3 Nxc3 6. dxc3 Nc6 7. Bf4 Bg4
8. Be2 Be7 9. Qd2 Qd7 10. O-O-O O-O-O 11. h3 Bh5 12. Rhe1 h6 13. Nd4 Bxe2 14.
Rxe2 Bf6 15. Be3 Ne5 16. Rde1 Qa4 17. a3 Nc4 18. Qd3 Rhe8 19. Bf4 Ne5 20. Qb5
Qxb5 21. Nxb5 a6 22. Nd4 Kd7 23. Nb3 Ng6 24. Bh2 Rxe2 25. Rxe2 Re8 26. Rxe8
Kxe8 27. g3 Ne5 28. Nd2 Ke7 29. f4 Nc6 30. c4 Bd4 31. c3 Be3 32. b4 Na7 33. Kd1
b5 34. Ke2 Bxd2 35. Kxd2 bxc4 36. Bg1 Nc8 37. Bd4 f6 38. g4 Nb6 39. f5 Nd7 40.
Be3 Ne5 41. Ke2 Kd7 42. Kd2 Kc6 43. a4 Kd5 44. Kc2 Ke4 45. Ba7 Nc6 46. Bg1 Kf3
47. b5 axb5 48. axb5 Ne7 49. Kb2 Kg3 50. Ka3 Nd5 51. Bd4 Kxh3 52. Ka4 Kxg4 53.
Ka5 Kxf5 0-1

[Event "Treptower SV-SF Schwerin"]
[Site "Greifswald"]
[Date "2013.09.15"]
[Round "7.4"]
[White "Klodt, Nicolas"]
[Black "Stuppe, Hannes"]
[Result "1-0"]
[WhiteElo "1590"]
[BlackElo "1241"]
[PlyCount "73"]
[EventDate "2013.??.??"]
[WhiteTeam "Treptower SV"]
[BlackTeam "SF Schwerin"]

1. e4 e5 2. Nf3 Nc6 3. Bc4 Bc5 4. c3 Nf6 5. d3 d6 6. Bg5 h6 7. Bh4 O-O 8. Nbd2
Qe7 9. O-O Be6 10. Bb3 Rad8 11. Re1 Rfe8 12. Qc2 a6 13. Rad1 Bb6 14. Nc4 Bg4
15. Qe2 Be6 16. h3 Ba7 17. Qc2 Kf8 18. d4 exd4 19. cxd4 g5 20. Bxg5 hxg5 21. d5
Nb4 22. Qc3 Bc5 23. dxe6 fxe6 24. Nxg5 Qg7 25. h4 e5 26. Ne3 Nh7 27. Ne6+ Rxe6
28. Bxe6 Nc6 29. a3 Qh6 30. Bf5 Ke7 31. Nd5+ Kf7 32. Qf3 Nd4 33. Rxd4 Bxd4 34.
Bxh7+ Kg7 35. Bf5 Rf8 36. Qg4+ Kh8 37. Ne7 1-0

[Event "USC Magdeburg-Hagener SV"]
[Site "Greifswald"]
[Date "2013.09.15"]
[Round "7.1"]
[White "Worpenberg, Lukas"]
[Black "Nguyen Manh, Hoang"]
[Result "1-0"]
[WhiteElo "1802"]
[BlackElo "1760"]
[PlyCount "83"]
[EventDate "2013.??.??"]
[WhiteTeam "Hagener SV"]
[BlackTeam "USC Magdeburg"]

1. e4 e5 2. Nf3 Nc6 3. Bc4 Nf6 4. Ng5 d5 5. exd5 b5 6. dxc6 bxc4 7. Nc3 Bc5 8.
Qe2 O-O 9. Nge4 Bd4 10. Qxc4 Nxe4 11. Nxe4 Be6 12. Qe2 Qd5 13. f3 f5 14. Ng5 e4
15. f4 h6 16. Nxe6 Qxe6 17. c3 Bb6 18. d4 Qxc6 19. Be3 Rf6 20. O-O a5 21. a4
Rb8 22. Rfc1 Qd6 23. Qc4+ Kh7 24. b4 Rg8 25. bxa5 Bxa5 26. Qb5 g5 27. fxg5 hxg5
28. Qxa5 f4 29. Bf2 e3 30. Be1 f3 31. gxf3 Rxf3 32. Qe5 Qf8 33. Bg3 Rg7 34. Rf1
Rgf7 35. Qb5 c6 36. Qd3+ Kh6 37. Rxf3 Rxf3 38. Rf1 Rxf1+ 39. Qxf1 Qa3 40. Qh3+
Kg6 41. Qe6+ Kh5 42. Qxe3 1-0

[Event "USC Magdeburg-Hagener SV"]
[Site "Greifswald"]
[Date "2013.09.15"]
[Round "7.2"]
[White "Geue, Niklas"]
[Black "Pappert, Florian"]
[Result "1-0"]
[WhiteElo "1699"]
[BlackElo "1676"]
[PlyCount "45"]
[EventDate "2013.??.??"]
[WhiteTeam "USC Magdeburg"]
[BlackTeam "Hagener SV"]

1. e4 e5 2. Nf3 Nf6 3. Nxe5 d6 4. Nf3 Nxe4 5. d4 d5 6. Bd3 Bd6 7. O-O O-O 8.
Re1 Re8 9. c4 c6 10. Nbd2 Nxd2 11. Rxe8+ Qxe8 12. Bxd2 Bg4 13. cxd5 Be7 14. Qb3
b6 15. Ne5 Bd7 16. Nxd7 Qxd7 17. Be4 Bf6 18. Qf3 Bxd4 19. dxc6 Qc7 20. Bf4 Be5
21. Bxe5 Qxe5 22. c7 Qxc7 23. Bxa8 1-0

[Event "USC Magdeburg-Hagener SV"]
[Site "Greifswald"]
[Date "2013.09.15"]
[Round "7.3"]
[White "Balasz, Kata"]
[Black "Fahsel, Nico"]
[Result "0-1"]
[WhiteElo "1668"]
[BlackElo "1580"]
[PlyCount "76"]
[EventDate "2013.??.??"]
[WhiteTeam "Hagener SV"]
[BlackTeam "USC Magdeburg"]

1. d4 d5 2. c4 e6 3. Nc3 Be7 4. Nf3 Nf6 5. Bg5 O-O 6. e3 b6 7. cxd5 Nxd5 8.
Nxd5 exd5 9. Bxe7 Qxe7 10. Bd3 Bg4 11. O-O Nd7 12. Rc1 Nf6 13. h3 Bh5 14. Qc2
Bxf3 15. gxf3 Ne8 16. Bxh7+ Kh8 17. Bd3 Qg5+ 18. Kh2 Qh5 19. f4 f5 20. Rg1 g6
21. Rg5 Qh6 22. Rcg1 Rf6 23. Qa4 Qh7 24. Qc2 Rd8 25. h4 Nd6 26. f3 Rd7 27. Kh1
Qxh4+ 28. Qh2 Qxh2+ 29. Kxh2 Re7 30. Rxg6 Rxg6 31. Rxg6 Rxe3 32. Bf1 Rxf3 33.
Bg2 Rxf4 34. Bxd5 Rxd4 35. Bb3 Kh7 36. Rg2 Ne4 37. Kh3 Kh6 38. Bf7 Ng5+ 0-1

[Event "USC Magdeburg-Hagener SV"]
[Site "Greifswald"]
[Date "2013.09.15"]
[Round "7.4"]
[White "Wiese, Tobias"]
[Black "Bick, Lennard"]
[Result "0-1"]
[WhiteElo "1314"]
[BlackElo "1537"]
[PlyCount "78"]
[EventDate "2013.??.??"]
[WhiteTeam "USC Magdeburg"]
[BlackTeam "Hagener SV"]

1. e4 e6 2. d4 d5 3. Nc3 Nf6 4. Bg5 Be7 5. Bd3 Nc6 6. Nf3 dxe4 7. Bxe4 Nxe4 8.
Bxe7 Nxc3 9. Bxd8 Nxd1 10. Rxd1 Nxd8 11. O-O Nc6 12. c3 O-O 13. Rfe1 Rd8 14.
Nd2 b6 15. Nc4 Bb7 16. Na3 a6 17. Nc4 b5 18. Ne3 e5 19. dxe5 Nxe5 20. b3 Nd3
21. Re2 Nf4 22. Red2 Rxd2 23. Rxd2 Ne6 24. Rd7 Rd8 25. Rxd8+ Nxd8 26. f3 Ne6
27. Kf2 Nf4 28. Kf1 Nd3 29. c4 c6 30. Nf5 Nc1 31. Nd6 Ba8 32. cxb5 cxb5 33. Ke1
Nxa2 34. Kd2 Kf8 35. Kc2 Bd5 36. Kb2 Nb4 37. Kc3 Nc6 38. b4 g6 39. Nb7 Nxb4 0-1

[Event "SV Bad Schwartau-USV VB Halle"]
[Site "Greifswald"]
[Date "2013.09.15"]
[Round "7.1"]
[White "Altstadt, Karl-Simon"]
[Black "Reinhardt, Johannes"]
[Result "1/2-1/2"]
[WhiteElo "1808"]
[BlackElo "1792"]
[PlyCount "30"]
[EventDate "2013.??.??"]
[WhiteTeam "USV VB Halle"]
[BlackTeam "SV Bad Schwartau"]

1. e4 d5 2. exd5 Qxd5 3. Nc3 Qd6 4. d4 Nf6 5. Bc4 a6 6. Bb3 b5 7. a3 Bb7 8. f3
e6 9. Nge2 Be7 10. Bf4 Qd7 11. O-O O-O 12. Bg3 Rd8 13. Re1 Nd5 14. Nxd5 Bxd5
15. Bxd5 exd5 1/2-1/2

[Event "SV Bad Schwartau-USV VB Halle"]
[Site "Greifswald"]
[Date "2013.09.15"]
[Round "7.2"]
[White "Rost, Henning"]
[Black "Niggl, Michael"]
[Result "1/2-1/2"]
[WhiteElo "1622"]
[BlackElo "1419"]
[PlyCount "75"]
[EventDate "2013.??.??"]
[WhiteTeam "SV Bad Schwartau"]
[BlackTeam "USV VB Halle"]

1. e4 c5 2. c3 Nf6 3. e5 Nd5 4. d4 cxd4 5. cxd4 e6 6. Bd2 Nc6 7. Nf3 d6 8. Bb5
Qb6 9. Nc3 Nxc3 10. Bxc6+ Qxc6 11. Bxc3 Be7 12. O-O b6 13. Rc1 Bb7 14. Qe2 O-O
15. Rc2 Qd5 16. b3 Rac8 17. Rfc1 Kh8 18. Bb4 Rxc2 19. Rxc2 Rc8 20. Rxc8+ Bxc8
21. Qc4 Qb7 22. exd6 Bd8 23. Ne5 Kg8 24. Qc6 Qxc6 25. Nxc6 Bf6 26. Ne7+ Bxe7
27. dxe7 Bd7 28. Kf1 f6 29. Ke2 Kf7 30. Ke3 Bc6 31. g3 Ke8 32. Kf4 Kd7 33. h4
a5 34. Ba3 b5 35. Bc5 Ke8 36. a3 Kf7 37. g4 h6 38. g5 1/2-1/2

[Event "SV Bad Schwartau-USV VB Halle"]
[Site "Greifswald"]
[Date "2013.09.15"]
[Round "7.3"]
[White "Geyer, Hannes"]
[Black "Saß, Patrick"]
[Result "0-1"]
[WhiteElo "1313"]
[BlackElo "1598"]
[PlyCount "100"]
[EventDate "2013.??.??"]
[WhiteTeam "USV VB Halle"]
[BlackTeam "SV Bad Schwartau"]

1. e4 d5 2. exd5 Qxd5 3. Nc3 Qd6 4. d4 Nf6 5. Nf3 c6 6. Bc4 Bg4 7. d5 cxd5 8.
Nxd5 Nxd5 9. Qxd5 Qxd5 10. Bxd5 Bxf3 11. Bxf3 Nc6 12. O-O e6 13. Be3 Bd6 14.
Rfd1 Ke7 15. Rd2 Rhd8 16. Rad1 a6 17. Bb6 Rd7 18. Bxc6 bxc6 19. c4 Rb7 20. c5
Bf4 21. Rd3 Be5 22. b4 h6 23. g3 g5 24. Rd8 Rxd8 25. Rxd8 Rb8 26. Rd3 Ke8 27.
Re3 Bf6 28. Re4 Rb7 29. f4 Rd7 30. a4 Rd4 31. Rxd4 Bxd4+ 32. Kf1 gxf4 33. gxf4
Be3 34. f5 exf5 35. Ke2 Bf4 36. h3 Kd7 37. Kd3 Be5 38. Kc4 f4 39. b5 axb5+ 40.
axb5 f3 41. bxc6+ Kxc6 42. Kd3 Bd4 43. Kd2 Kd5 44. Kd3 f5 45. Kd2 Bxc5 46. Bxc5
Kxc5 47. Ke3 f2 48. Kxf2 Kd4 49. Kf3 Ke5 50. Ke3 f4+ 0-1

[Event "SV Bad Schwartau-USV VB Halle"]
[Site "Greifswald"]
[Date "2013.09.15"]
[Round "7.4"]
[White "Kagel, Jan-Malte"]
[Black "zur Nieden, Philipp"]
[Result "1/2-1/2"]
[WhiteElo "1175"]
[BlackElo "1278"]
[PlyCount "115"]
[EventDate "2013.??.??"]
[WhiteTeam "SV Bad Schwartau"]
[BlackTeam "USV VB Halle"]

1. e4 c5 2. Nf3 d6 3. d4 cxd4 4. Nxd4 Nf6 5. Nc3 a6 6. Be3 e6 7. f3 Nbd7 8. Qd2
b5 9. a3 Bb7 10. Be2 Qc7 11. O-O d5 12. exd5 Nxd5 13. Nxd5 Bxd5 14. Bd3 Bd6 15.
g3 O-O 16. c3 Ne5 17. Be2 Nc4 18. Bxc4 Bxc4 19. Rf2 Rfd8 20. Rg2 Bc5 21. Qf2
Qa7 22. Re1 e5 23. Nc6 Bxe3 24. Nxa7 Bxf2+ 25. Rxf2 Rxa7 26. Rxe5 h6 27. f4
Rad7 28. Re1 Rd1 29. Rxd1 Rxd1+ 30. Kg2 Bd5+ 31. Kh3 Rg1 32. Rd2 Be6+ 33. Kh4
f6 34. Kh5 Kh7 35. Rd6 g6+ 36. Kh4 g5+ 37. fxg5 fxg5+ 38. Kh5 Bf7+ 39. Kg4 Rg2
40. Rd7 Kg7 41. Rd6 Rxh2 42. Rxa6 Rxb2 43. Rb6 Rb3 44. Kf5 Rxa3 45. Rxb5 Rxc3
46. g4 Re3 47. Rb6 Bd5 48. Rg6+ Kh7 49. Rd6 Be4+ 50. Kf6 Rd3 51. Re6 Bd5 52.
Re7+ Kh8 53. Kg6 Rd4 54. Kxh6 Rxg4 55. Rh7+ Kg8 56. Rg7+ Kf8 57. Rxg5 Rf4 58.
Rxd5 1/2-1/2